[Event "Merida World Heritage op 2nd"]
[Site "Merida"]
[Date "2022.08.06"]
[Round "7"]
[White "Jaramago Ledo, Javier"]
[Black "Hernandez Recio, Roberto"]
[Result "1-0"]
[WhiteElo "1975"]
[BlackElo "1780"]
[PlyCount "91"]
[EventDate "2022.08.02"]
[EventType "swiss"]
[EventRounds "9"]
[EventCountry "ESP"]
[SourceTitle "EXT 2023"]
[Source "ChessBase"]
[SourceDate "2022.10.05"]
[SourceVersion "1"]
[SourceVersionDate "2022.10.05"]
[SourceQuality "1"]

1. e4 c5 2. Nc3 g6 3. d4 cxd4 4. Qxd4 Nf6 5. Be3 Nc6 6. Qd2 Ng4 7. Bf4 e5 8. Bg5 f6 9. Be3 Bb4 10. Bc4 Nxe3 11. Qxe3 Bxc3+ 12. Qxc3 Qa5 13. Ne2 a6 14. 0-0-0 Qxc3 15. Nxc3 Ne7 16. Rd6 Rf8 17. a4 b5 18. axb5 axb5 19. Bxb5 Ra1+ 20. Nb1 f5 21. exf5 Rxf5 22. Rhd1 Rxf2 23. Bxd7+ Bxd7 24. Rxd7 Rxg2 25. R7d2 Rg4 26. b3 e4 27. Kb2 Ra7 28. Nc3 e3 29. Re2 Nf5 30. Nd5 Kf7 31. Rd3 Re4 32. Nxe3 Nd4 33. Rf2+ Kg7 34. Nc4 Nf5 35. Nd6 Nxd6 36. Rxd6 Rae7 37. Rfd2 Re2 38. Rd7 Rxd2 39. Rxd2 h5 40. c4 Re3 41. Ka3 g5 42. Ka4 g4 43. b4 h4 44. c5 g3 45. hxg3 hxg3 46. c6 1-0

[Event "Merida World Heritage op 2nd"]
[Site "Merida"]
[Date "2022.08.03"]
[Round "3"]
[White "Artozqui Irurzun, Ernesto"]
[Black "Hernandez Recio, Roberto"]
[Result "0-1"]
[WhiteElo "1338"]
[BlackElo "1780"]
[PlyCount "86"]
[EventDate "2022.08.02"]
[EventType "swiss"]
[EventRounds "9"]
[EventCountry "ESP"]
[SourceTitle "EXT 2023"]
[Source "ChessBase"]
[SourceDate "2022.10.05"]
[SourceVersion "1"]
[SourceVersionDate "2022.10.05"]
[SourceQuality "1"]

1. c4 g6 2. e4 c5 3. Nc3 Bg7 4. g3 d6 5. Bg2 Nc6 6. Nge2 Nf6 7. 0-0 0-0 8. h3 Ne8 9. d3 e5 10. Be3 Nc7 11. Qd2 Ne6 12. Bh6 Ned4 13. Kh1 Be6 14. Bxg7 Kxg7 15. f4 f5 16. Nd5 Nxe2 17. Qxe2 Nd4 18. Qd2 Bxd5 19. cxd5 exf4 20. Rxf4 Rb8 21. Raf1 Qe7 22. Re1 Rbe8 23. b4 b6 24. bxc5 bxc5 25. Rb1 Rb8 26. Rff1 Qc7 27. Qc3 Kg8 28. Qd2 Rb6 29. Rxb6 axb6 30. Qg5 Qd8 31. Qd2 Qe7 32. Re1 Re8 33. Qb2 b5 34. Ra1 Ra8 35. Re1 Qe5 36. Re3 b4 37. Qd2 f4 38. gxf4 Qxf4 39. e5 Nf5 40. Re2 Ng3+ 41. Kg1 Nxe2+ 42. Qxe2 Qxe5 43. Qg4 Qd4+ 0-1

[Event "Merida World Heritage op 2nd"]
[Site "Merida"]
[Date "2022.08.02"]
[Round "1"]
[White "Vignesh, NR."]
[Black "Hernandez Recio, Roberto"]
[Result "1-0"]
[WhiteElo "2467"]
[BlackElo "1780"]
[PlyCount "73"]
[EventDate "2022.08.02"]
[EventType "swiss"]
[EventRounds "9"]
[EventCountry "ESP"]
[SourceTitle "CBM 209 Extra"]
[Source "ChessBase"]
[SourceDate "2022.09.30"]
[SourceVersion "1"]
[SourceVersionDate "2022.09.30"]
[SourceQuality "1"]

1. e4 c5 2. Nf3 Nc6 3. Bb5 g6 4. 0-0 Bg7 5. c3 a6 6. Ba4 b5 7. Bc2 d6 8. h3 e5 9. a4 Rb8 10. axb5 axb5 11. d3 Nge7 12. Be3 0-0 13. d4 exd4 14. cxd4 c4 15. d5 Nb4 16. Bd4 Bxd4 17. Nxd4 Qb6 18. Na3 Bd7 19. Qd2 Qc5 20. Rfc1 Rfc8 21. Nb3 c3 22. Qg5 Qc7 23. bxc3 Nxc2 24. Nxc2 Re8 25. Nb4 Nc8 26. Na6 Qb6 27. Nxb8 Qxb8 28. Nd4 Nb6 29. Re1 Nc4 30. Nf3 Kg7 31. Qf4 Qc7 32. Nd2 Ne5 33. Qe3 Rc8 34. f4 Nc4 35. Qd4+ Kg8 36. Nxc4 bxc4 37. e5 1-0

[Event "Merida World Heritage op 1st"]
[Site "Merida"]
[Date "2021.08.07"]
[Round "7"]
[White "Hernandez Recio, Roberto"]
[Black "Garrido Piriz, Pablo"]
[Result "0-1"]
[WhiteElo "1871"]
[BlackElo "2117"]
[PlyCount "52"]
[EventDate "2021.08.04"]
[EventType "swiss"]
[EventRounds "9"]
[EventCountry "ESP"]
[SourceTitle "EXT 2023"]
[Source "ChessBase"]
[SourceDate "2022.10.05"]
[SourceVersion "1"]
[SourceVersionDate "2022.10.05"]
[SourceQuality "1"]

1. d4 Nf6 2. c4 g6 3. Nc3 d5 4. cxd5 Nxd5 5. e4 Nxc3 6. bxc3 Bg7 7. Bc4 c5 8. Be3 Nc6 9. Ne2 cxd4 10. cxd4 Qa5+ 11. Kf1 0-0 12. Rc1 Rd8 13. Qb3 e6 14. d5 Ne5 15. dxe6 Bxe6 16. Bxe6 fxe6 17. Qxe6+ Kh8 18. g3 Re8 19. Qd5 Qa6 20. Rd1 Rac8 21. a4 Qxa4 22. Kg2 Nc6 23. f3 Rcd8 24. Qf7 Ne5 25. Rd4 Rxd4 26. Qxb7 Rd7 0-1

[Event "Madrid-ch Previa-A"]
[Site "Madrid"]
[Date "2020.02.04"]
[Round "2"]
[White "Villodre Miranda, Juan Alonso"]
[Black "Hernandez Recio, Roberto"]
[Result "1/2-1/2"]
[WhiteElo "1582"]
[BlackElo "1845"]
[PlyCount "123"]
[EventDate "2020.02.03"]
[EventType "swiss"]
[EventRounds "9"]
[EventCountry "ESP"]
[SourceTitle "EXT 2021"]
[Source "ChessBase"]
[SourceDate "2020.10.23"]
[SourceVersion "1"]
[SourceVersionDate "2020.10.23"]
[SourceQuality "1"]

1. c4 g6 2. e4 Bg7 3. g3 c5 4. Bg2 Nc6 5. Ne2 Nf6 6. 0-0 0-0 7. d3 d6 8. Nbc3 Bg4 9. f3 Bd7 10. h3 Ne8 11. Kh2 Nc7 12. Rb1 a6 13. a4 Ne6 14. b3 Rb8 15. Be3 Qa5 16. Bd2 Qd8 17. Be3 Ned4 18. Bf2 e6 19. Nxd4 cxd4 20. Ne2 b5 21. axb5 axb5 22. Qd2 e5 23. f4 Bh6 24. Qd1 f6 25. f5 Qe8 26. g4 Kf7 27. Be1 Rh8 28. Bd2 Bxd2 29. Qxd2 g5 30. Ng3 b4 31. Ra1 Ra8 32. Qc2 Na5 33. Bf3 Qb8 34. Ra2 Nb7 35. Rfa1 Rxa2 36. Rxa2 Nc5 37. Ne2 Qb7 38. Nc1 Ra8 39. Bd1 Ra6 40. Qd2 Be8 41. Rxa6 Nxa6 42. h4 h6 43. hxg5 hxg5 44. Kg3 Kg7 45. Qa2 Qb6 46. Bf3 Bc6 47. Qh2 Qd8 48. Qa2 Qb6 49. Qh2 Be8 50. Qa2 Nc5 51. Bh1 Qc7 52. Bf3 Bc6 53. Qh2 Qb8 54. Qa2 Qc7 55. Bh1 Be8 56. Bf3 Bc6 57. Bh1 Qb6 58. Bf3 Qa6 59. Qxa6 Nxa6 60. Bd1 Kf7 61. Kf2 Ke7 62. Ke2 1/2-1/2

[Event "Madrid-ch Previa-A"]
[Site "Madrid"]
[Date "2020.02.03"]
[Round "1"]
[White "Hernandez Recio, Roberto"]
[Black "Rodriguez Bachiller, Luis"]
[Result "1-0"]
[WhiteElo "1845"]
[BlackElo "1536"]
[PlyCount "73"]
[EventDate "2020.02.03"]
[EventType "swiss"]
[EventRounds "9"]
[EventCountry "ESP"]
[SourceTitle "EXT 2021"]
[Source "ChessBase"]
[SourceDate "2020.10.23"]
[SourceVersion "1"]
[SourceVersionDate "2020.10.23"]
[SourceQuality "1"]

1. d4 b6 2. e4 Bb7 3. Bd3 e6 4. Qe2 d6 5. Nf3 Nd7 6. 0-0 Be7 7. Re1 c5 8. c3 Ngf6 9. Bd2 c4 10. Bc2 b5 11. b3 Nb6 12. e5 Nfd5 13. a4 a6 14. a5 Nd7 15. bxc4 bxc4 16. Qxc4 Rc8 17. Qd3 dxe5 18. Nxe5 Nxe5 19. Rxe5 Bf6 20. Re1 g6 21. Ba4+ Kf8 22. c4 Ne7 23. Bc3 Nf5 24. Rd1 Kg7 25. Na3 Nh4 26. f3 Qe7 27. Nc2 Rhd8 28. Rab1 Nf5 29. Rb6 Qc7 30. d5 Qxc4 31. Bxf6+ Kxf6 32. Qxc4 Rxc4 33. Bb3 Rc7 34. Nb4 Ne3 35. d6 Bc8 36. dxc7 Rxd1+ 37. Bxd1 1-0

[Event "Madrid-ch Seniors 50"]
[Site "Madrid"]
[Date "2020.01.15"]
[Round "3"]
[White "Hernandez Recio, Roberto"]
[Black "Mendez Rodriguez, Carlos"]
[Result "1-0"]
[WhiteElo "1846"]
[BlackElo "1581"]
[PlyCount "77"]
[EventDate "2020.01.13"]
[EventType "swiss"]
[EventRounds "9"]
[EventCountry "ESP"]
[SourceTitle "CBM 194 Extra"]
[Source "ChessBase"]
[SourceDate "2020.03.31"]
[SourceVersion "1"]
[SourceVersionDate "2020.03.31"]
[SourceQuality "1"]

1. d4 d5 2. c4 e6 3. Nc3 c5 4. e3 Nf6 5. Nf3 Nc6 6. a3 a6 7. dxc5 Bxc5 8. b4 Be7 9. cxd5 exd5 10. Be2 0-0 11. 0-0 Bg4 12. Nd4 Bxe2 13. Ncxe2 Ne5 14. Nf5 Nc4 15. Nf4 Re8 16. Nxe7+ Rxe7 17. Qf3 Rc8 18. Rd1 Ne5 19. Qe2 Nc4 20. Qd3 Rd7 21. Qd4 Qb6 22. Qxb6 Nxb6 23. Bb2 Ne8 24. Bd4 Nc4 25. Nd3 b6 26. Nf4 Nc7 27. a4 Ne6 28. Ne2 Nxd4 29. Rxd4 g5 30. Rc1 b5 31. axb5 axb5 32. g3 f5 33. Rcd1 Nb6 34. Ra1 Nc4 35. Ra6 Kg7 36. Rd1 Rd6 37. Rxd6 Nxd6 38. Rxd5 Rc6 39. Nd4 1-0

[Event "Tres Cantos op 11th"]
[Site "Tres Cantos"]
[Date "2019.06.27"]
[Round "6"]
[White "Elguezabal Selioutin, Dario"]
[Black "Hernandez Recio, Roberto"]
[Result "1-0"]
[WhiteElo "2047"]
[BlackElo "1810"]
[PlyCount "107"]
[EventDate "2019.06.22"]
[EventType "swiss"]
[EventRounds "9"]
[EventCountry "ESP"]
[SourceTitle "CBM 195 Extra"]
[Source "ChessBase"]
[SourceDate "2020.05.31"]
[SourceVersion "1"]
[SourceVersionDate "2020.05.31"]
[SourceQuality "1"]

1. d4 g6 2. Nf3 Bg7 3. c3 Nf6 4. Bg5 b6 5. Nbd2 Bb7 6. Qc2 d6 7. e4 Nbd7 8. Bc4 d5 9. exd5 Bxd5 10. 0-0 0-0 11. Rfe1 c6 12. Rad1 Bxc4 13. Nxc4 Re8 14. Nce5 Qc7 15. Qa4 Rac8 16. Nxd7 Qxd7 17. d5 Qb7 18. dxc6 Rxc6 19. Ne5 Rcc8 20. Bxf6 exf6 21. Rd7 Qc6 22. Qxc6 Rxc6 23. Nf3 Rxe1+ 24. Nxe1 Re6 25. Kf1 a5 26. Nc2 Bf8 27. Nd4 Rd6 28. Rxd6 Bxd6 29. h3 Kf8 30. Ke2 Ke8 31. Kd3 Kd7 32. Kc4 h5 33. Kb5 Kc7 34. b4 axb4 35. cxb4 f5 36. a4 Be5 37. Nc6 Bc3 38. a5 bxa5 39. bxa5 Be1 40. f3 Bc3 41. a6 Be1 42. Ne5 Bg3 43. Nxf7 Bf4 44. Nh8 g5 45. Ng6 Bd6 46. a7 Kb7 47. a8Q+ Kxa8 48. Kc6 Bg3 49. Kd5 Kb7 50. Ke6 f4 51. Kf5 Kc7 52. Kxg5 Kd6 53. Nxf4 h4 54. Ng6 1-0

[Event "Tres Cantos op 11th"]
[Site "Tres Cantos"]
[Date "2019.06.26"]
[Round "5"]
[White "Hernandez Recio, Roberto"]
[Black "Romero Fite, Miguel"]
[Result "1/2-1/2"]
[WhiteElo "1810"]
[BlackElo "2035"]
[PlyCount "49"]
[EventDate "2019.06.22"]
[EventType "swiss"]
[EventRounds "9"]
[EventCountry "ESP"]
[SourceTitle "CBM 195 Extra"]
[Source "ChessBase"]
[SourceDate "2020.05.31"]
[SourceVersion "1"]
[SourceVersionDate "2020.05.31"]
[SourceQuality "1"]

1. d4 Nf6 2. c4 e6 3. Nc3 d5 4. Bg5 Be7 5. e3 0-0 6. Nf3 h6 7. Bh4 Ne4 8. Bxe7 Qxe7 9. Nxe4 dxe4 10. Nd2 f5 11. Be2 e5 12. dxe5 Qxe5 13. Qc2 Be6 14. 0-0 Nc6 15. a3 Rad8 16. c5 Kh8 17. b4 Rf7 18. Rad1 Rfd7 19. Nc4 Qf6 20. Rxd7 Rxd7 21. b5 Ne5 22. Nxe5 Qxe5 23. c6 bxc6 24. Qxc6 Qd5 25. Qxd5 1/2-1/2

[Event "Tres Cantos op 11th"]
[Site "Tres Cantos"]
[Date "2019.06.22"]
[Round "1"]
[White "Iagar, Razvan Gabriel"]
[Black "Hernandez Recio, Roberto"]
[Result "1/2-1/2"]
[WhiteElo "2103"]
[BlackElo "1810"]
[PlyCount "45"]
[EventDate "2019.06.22"]
[EventType "swiss"]
[EventRounds "9"]
[EventCountry "ESP"]
[SourceTitle "CBM 195 Extra"]
[Source "ChessBase"]
[SourceDate "2020.05.31"]
[SourceVersion "1"]
[SourceVersionDate "2020.05.31"]
[SourceQuality "1"]

1. d4 g6 2. Nf3 Bg7 3. e4 c5 4. d5 d6 5. h3 Nf6 6. Nc3 0-0 7. Bd3 Nfd7 8. Bd2 b6 9. 0-0 Ba6 10. Qe2 Qc8 11. Bc4 Bxc4 12. Qxc4 Qa6 13. Qxa6 Nxa6 14. a3 c4 15. Rfe1 Nac5 16. Rab1 a6 17. b4 cxb3 18. cxb3 Rfc8 19. Re3 Ne5 20. Nxe5 Bxe5 21. b4 Nd7 22. Rc1 Rc4 23. Ne2 1/2-1/2

[Event "San Sebastian de los Reyes op 18th"]
[Site "San Sebastian"]
[Date "2016.12.08"]
[Round "6"]
[White "Perez Ordonez, Jose Ramon"]
[Black "Hernandez Recio, Roberto"]
[Result "1/2-1/2"]
[WhiteElo "1971"]
[BlackElo "1800"]
[PlyCount "46"]
[EventDate "2016.12.03"]
[EventType "swiss"]
[EventRounds "9"]
[EventCountry "ESP"]
[SourceTitle "CBM 176 Extra"]
[Source "ChessBase"]
[SourceDate "2017.03.02"]
[SourceVersion "1"]
[SourceVersionDate "2017.03.02"]
[SourceQuality "1"]

1. b3 e5 2. Bb2 Nc6 3. e3 a6 4. g3 Nf6 5. Bg2 d5 6. Ne2 Bd6 7. d3 Be6 8. a3 Qd7 9. h3 0-0-0 10. Nd2 Rhe8 11. b4 Kb8 12. Nb3 d4 13. exd4 Bxb3 14. cxb3 Nxd4 15. Bxd4 exd4 16. 0-0 c6 17. Rc1 Be5 18. Rc4 Nd5 19. Re1 Nb6 20. Rc1 Nd5 21. Qd2 f5 22. Rc4 Nb6 23. Rcc1 Nd5 1/2-1/2

[Event "Rutas de Cuenca op 2nd"]
[Site "Cuenca"]
[Date "2015.06.20"]
[Round "4"]
[White "Hernandez Recio, Roberto"]
[Black "Carruana Fuentes, Rafael"]
[Result "0-1"]
[WhiteElo "1823"]
[BlackElo "2015"]
[PlyCount "72"]
[EventDate "2015.06.19"]
[EventType "swiss"]
[EventRounds "7"]
[EventCountry "ESP"]
[SourceTitle "EXT 2019"]
[Source "ChessBase"]
[SourceDate "2018.10.10"]
[SourceVersion "1"]
[SourceVersionDate "2018.10.10"]
[SourceQuality "1"]

1. d4 f5 2. Bg5 g6 3. e3 Bg7 4. Bd3 Nf6 5. Nd2 d6 6. Qe2 0-0 7. h4 h6 8. Bxf6 Bxf6 9. g4 Bg7 10. Nh3 e5 11. dxe5 Bxe5 12. Nc4 Be6 13. Nxe5 dxe5 14. 0-0-0 Qe7 15. gxf5 Bxf5 16. Bc4+ Kh7 17. f4 Nd7 18. h5 Nf6 19. hxg6+ Kg7 20. Rdg1 Rad8 21. Ng5 exf4 22. Qh2 Qxe3+ 23. Kb1 h5 24. Bb3 Rd2 25. Rg2 Rfd8 26. Rxd2 Rxd2 27. Qh4 Qg3 28. Qxg3 fxg3 29. Kc1 Rh2 30. Re1 g2 31. Nf3 Rh1 32. Ng1 Kxg6 33. Kd2 h4 34. Ke3 h3 35. Kf2 Be4 36. Nxh3 Rxh3 0-1

[Event "Almansa op-B"]
[Site "Almansa"]
[Date "2014.08.08"]
[Round "7"]
[White "Garcia Navarro, Jose Jesus"]
[Black "Hernandez Recio, Roberto"]
[Result "1-0"]
[WhiteElo "1715"]
[BlackElo "1860"]
[PlyCount "36"]
[EventDate "2014.08.05"]
[EventType "swiss"]
[EventRounds "9"]
[EventCountry "ESP"]
[SourceTitle "EXT 2019"]
[Source "ChessBase"]
[SourceDate "2018.10.10"]
[SourceVersion "1"]
[SourceVersionDate "2018.10.10"]
[SourceQuality "1"]

1. e4 c6 2. d4 d5 3. Nc3 dxe4 4. Nxe4 Nf6 5. Nxf6+ exf6 6. c3 Bd6 7. Bd3 Be6 8. Qc2 Qd7 9. Ne2 Qc7 10. Ng3 Bxg3 11. hxg3 h6 12. Bf4 Qa5 13. 0-0 g5 14. b4 Qd8 15. Bd2 Nd7 16. f4 Nb6 17. Rae1 Kf8 18. fxg5 hxg5 1-0